Nehmotný majetok podniku ako generátor tvorby hodnoty podniku diplomová práca

Na minha lista:
Detalhes bibliográficos
Autor principal: Doxanská, Zdenka
Autor Corporativo: Fakulta podnikového manažmentu EU. Katedra podnikovohospodárska
Outros Autores: Kardoš, Peter
Formato: Livro
Idioma:eslovaco
Publicado em: Bratislava 2014
Tags: Adicionar Tag
Sem tags, seja o primeiro a adicionar uma tag!

MARC

LEADER 00000nbm a2200000 4500
001 0188058
005 20170201092900.8
041 0 |a slo 
044 |a SK 
245 1 0 |a Nehmotný majetok podniku ako generátor tvorby hodnoty podniku  |b diplomová práca  |c Zdenka Doxanská ; školiteľ: Peter Kardoš 
264 1 |a Bratislava  |c 2014 
300 |a 75 s. 
100 1 |a Doxanská, Zdenka 
700 1 |a Kardoš, Peter 
710 2 |a Fakulta podnikového manažmentu EU. Katedra podnikovohospodárska